Bienvenue au Catalogue en Ligne des Bibliothèques de l'Universite du Burundi

Normal view MARC view

Entry Genre/Form Term

Number of records used in: 1

001 - CONTROL NUMBER

  • control field: 94909

003 - CONTROL NUMBER IDENTIFIER

  • control field: BI-BuBU

005 - DATE AND TIME OF LATEST TRANSACTION

  • control field: 20140725111842.0

008 - FIXED-LENGTH DATA ELEMENTS

  • fixed length control field: 140725|||a|||||| | ||| d

040 ## - CATALOGING SOURCE

  • Original cataloging agency: BI-BuBU
  • Transcribing agency: BI-BuBU

155 ## - HEADING--GENRE/FORM TERM

  • Genre/form term: Thèse

670 ## - SOURCE DATA FOUND

  • Source citation: Work cat.: (BI-BuBU)28245: aut Niyongabo, Jérôme 94908, Etude de la morbidité et de la mortalité dans le service de pédiatrie de deux hôpitaux de la province Makamba, 2013

670 ## - SOURCE DATA FOUND

  • Source citation: Work cat.: (BI-BuBU)28245: aut Niyongabo, Jérôme 94908, Etude de la morbidité et de la mortalité dans le service de pédiatrie de deux hôpitaux de la province Makamba, 2013
© 2019-2026 - Bibliothèques de l'Université du Burundi |Tous droits réservés
home | Pour toute information urgente Contactez nous | tel whatsupp: +25779204313